[Event "Belgrade Trophy 23rd"]
[Site "Obrenovac"]
[Date "2010.12.01"]
[Round "8"]
[White "Petrovic, Milan M"]
[Black "Bozinovic, Boban"]
[Result "0-1"]
[WhiteElo "1956"]
[BlackElo "2079"]
[PlyCount "81"]
[EventDate "2010.11.24"]
[EventType "swiss"]
[EventRounds "9"]
[EventCountry "YUG"]
[SourceTitle "CBM 139 Extra"]
[Source "ChessBase"]
[SourceDate "2011.01.05"]
[SourceVersion "1"]
[SourceVersionDate "2011.01.05"]
[SourceQuality "1"]

1. e4 c5 2. Nc3 a6 3. f4 b5 4. Nf3 Bb7 5. d3 e6 6. g3 Ne7 7. Bg2 d6 8. 0-0 g6 9. Qe2 b4 10. Nd1 Bg7 11. f5 gxf5 12. exf5 Nxf5 13. Ng5 Bd4+ 14. Kh1 Bxg2+ 15. Kxg2 Qe7 16. g4 Rg8 17. gxf5 h6 18. fxe6 Qxe6 19. Qxe6+ fxe6 20. h4 Nd7 21. Kh3 hxg5 22. Bxg5 a5 23. Rb1 Nf8 24. Nf2 Nh7 25. Ne4 Nxg5+ 26. Nxg5 Be5 27. c3 Rg6 28. Rf3 0-0-0 29. Nf7 Rdg8 30. Nxe5 dxe5 31. cxb4 cxb4 32. Re1 Kd7 33. Re2 Kd6 34. Rfe3 Rg1 35. Rh2 a4 36. h5 R1g5 37. Re4 Rxh5+ 38. Rh4 Rxh4+ 39. Kxh4 Rh8+ 40. Kg3 Rxh2 41. Kxh2 0-1